000 00962nam a22002651u 4500
001 05991
003 HDC
007 cr bn ---
008 210122p xx fo d 00 engg
040 _aHDC
100 _aLisa Mabe
_96307
245 0 _aWorld Halal Week 2013 :
_bHalal's Moment to Shine Leveraging Online Media and Technologies to Reach Global Markets
_c/ by Lisa Mabe
260 _a[No place] :
_b[publisher not identified],
_c2013
300 _a53 pages :
_bIllustrations
336 _atext
_2rdacontent
337 _acomputer
_2rdamedia
338 _aonline resource
_2rdacarrier
650 _aComputer application
_96295
650 _aHalal industry
_9144
650 _aOnline Media and Technologies
_96308
856 _zRequest full-text at [email protected]
942 _2lcc
942 _cSLIDE
942 _kSLID 000652
999 _c3315
_d3315